Quizzes
Events
Quiz Creation
Community
Videos
Private Events
Remove Ads
Sign In
Join for FREE
Feedback
Dark Mode
Quiz Categories
Sports
Geography
Music
Movies
Television
Just For Fun
Miscellaneous
History
Literature
Language
Science
Gaming
Entertainment
Religion
Holiday
For Kids
Quiz Lab
Recent
Popular Today
Quiz Kudos Today
Editor Picks
Curator Picks
Quizzes by...
Day
Popularity
Type
Ratings
Length
Year
Community
Subscriptions
Recent Discussions
Orange Saloon
Badges
Playlists
Quests
Create
Leaderboards
Showdown
Live 5
Trivia Bingo
Activity
Puzzle Library
Sporcle Events
Private Events
Virtual Trivia
Globe League
Become a Host
Pub Owners
SporcleCon
Opinionation
Our Games
Videos
Blog
Mobile Apps
Partnerships
Remove Ads and Go Orange
Feedback
Sports
Athletes
MLB
NBA
NHL
NFL
Soccer
Sports Teams
WWE
NCAA
Football
Premier League
Basketball
Baseball
Hockey
Golf
Tennis
Cricket
Rugby
Auto Racing
Olympics
World Cup
Sports
Athletes
MLB
NBA
NHL
NFL
Soccer
Sports Teams
WWE
NCAA
Football
Premier League
Basketball
Baseball
Hockey
Golf
Tennis
Cricket
Rugby
Auto Racing
Olympics
World Cup
Random Quiz
Search Sporcle
×
Quiz Lab
Quiz Lab
Sports
Basketball
Type in answers that appear in a list
Type in answers that appear in a list
Classic
Best Score? Go Orange.
2011 NBA First Game Starters Stats
Can you name the starting lineups of each NBA team in their first game of the 2011-2012 season?
By
sracine11
12m
150 Questions
499 Plays
499 Plays
499 Plays
Comments
Comments
Give Quiz Kudos
Give Quiz Kudos
-
- Ratings
hide this ad
Replay
Link that replays current quiz
Next Quiz
Link to next quiz in quiz playlist
You Got
0%
They Got
Avg Score
69%
Avg Friend Score
Upgrade to see
Score Distribution
Jump to the score distribution portion of the page
Score
0/150
Timer
12:00
0
Plays Today
Team
Player
% Correct
Boston Celtics
Rajon Rondo
97.4%
Boston Celtics
Ray Allen
96.6%
Boston Celtics
Kevin Garnett
96.4%
Memphis Grizzlies
Tony Allen
95.6%
Atlanta Hawks
Joe Johnson
94.2%
Atlanta Hawks
Josh Smith
93.8%
Minnesota Timberwolves
Wesley Johnson
93.8%
Toronto Raptors
Amir Johnson
93.8%
Chicago Bulls
Derrick Rose
93.4%
Atlanta Hawks
Marvin Williams
92.6%
New Jersey Nets
Deron Williams
92.4%
Chicago Bulls
Joakim Noah
91%
Los Angeles Clippers
Chris Paul
91%
New York Knicks
Carmelo Anthony
91%
Miami Heat
Dwyane Wade
90.8%
Miami Heat
Joel Anthony
90.8%
Dallas Mavericks
Dirk Nowitzki
90.6%
Miami Heat
LeBron James
90.6%
Los Angeles Lakers
Pau Gasol
90.2%
Memphis Grizzlies
Marc Gasol
90.2%
New Jersey Nets
Damion James
90.2%
Indiana Pacers
David West
90%
Los Angeles Lakers
Kobe Bryant
90%
Miami Heat
Chris Bosh
88.8%
Chicago Bulls
Luol Deng
88.6%
Golden State Warriors
Stephen Curry
88.6%
Los Angeles Clippers
Blake Griffin
88.6%
Atlanta Hawks
Al Horford
88.2%
Dallas Mavericks
Jason Kidd
88.2%
Chicago Bulls
Carlos Boozer
88%
Orlando Magic
Dwight Howard
88%
Cleveland Cavaliers
Anthony Parker
86.6%
San Antonio Spurs
Tony Parker
86.6%
Oklahoma City Thunder
Kevin Durant
86.4%
Golden State Warriors
Monta Ellis
86.2%
Oklahoma City Thunder
Russell Westbrook
86.2%
Los Angeles Lakers
Derek Fisher
85.8%
Washington Wizards
John Wall
85.6%
New York Knicks
Amare Stoudemire
84.8%
Phoenix Suns
Steve Nash
84%
Miami Heat
Mario Chalmers
83.8%
Cleveland Cavaliers
Kyrie Irving
82.4%
Minnesota Timberwolves
Kevin Love
82.4%
Boston Celtics
Jermaine O'Neal
82.2%
Memphis Grizzlies
Rudy Gay
82.2%
San Antonio Spurs
Tim Duncan
82%
Chicago Bulls
Richard Hamilton
81.6%
Los Angeles Clippers
DeAndre Jordan
81.2%
Milwaukee Bucks
Brandon Jennings
81%
Denver Nuggets
Nene
80.8%
Team
Player
% Correct
Denver Nuggets
Ty Lawson
80.6%
Golden State Warriors
David Lee
80.4%
Indiana Pacers
Danny Granger
80.4%
Memphis Grizzlies
Zach Randolph
79.4%
Oklahoma City Thunder
Kendrick Perkins
79.4%
Orlando Magic
Jameer Nelson
78.8%
Memphis Grizzlies
Michael Conley
78.4%
Atlanta Hawks
Jeff Teague
78.2%
Milwaukee Bucks
Andrew Bogut
78%
Portland Trailblazers
Gerald Wallace
77.8%
Houston Rockets
Kevin Martin
77.4%
Los Angeles Clippers
Chauncey Billups
77.4%
Oklahoma City Thunder
Segre Ibaka
77.2%
Philadelphia 76ers
Andre Iguodala
77.2%
Detroit Pistons
Ben Gordon
76.6%
New Orleans Hornets
Eric Gordon
76.6%
Sacramento Kings
Tyreke Evans
75.8%
Los Angeles Clippers
Caron Butler
74.9%
San Antonio Spurs
Manu Ginobili
74.9%
San Antonio Spurs
Richard Jefferson
74.7%
Toronto Raptors
Rasual Butler
74.7%
Utah Jazz
Al Jefferson
74.7%
New York Knicks
Tyson Chandler
74.1%
Dallas Mavericks
Shawn Marion
73.7%
Houston Rockets
Luis Scola
73.1%
Charlotte Bobcats
D.J. Augustin
72.7%
Indiana Pacers
Roy Hibbert
72.5%
Indiana Pacers
Darren Collison
72.3%
Denver Nuggets
Danilo Gallinari
71.9%
Detroit Pistons
Rodney Stuckey
71.7%
Houston Rockets
Kyle Lowry
71.5%
Cleveland Cavaliers
Antawn Jamison
71.3%
Portland Trailblazers
LaMarcus Aldridge
71.1%
Sacramento Kings
DeMarcus Cousins
70.7%
Utah Jazz
Devin Harris
70.5%
Milwaukee Bucks
Stephen Jackson
69.5%
Dallas Mavericks
Vince Carter
69.1%
Cleveland Cavaliers
Anderson Varejao
68.1%
Detroit Pistons
Tayshaun Prince
68.1%
Philadelphia 76ers
Jrue Holiday
67.7%
Portland Trailblazers
Raymond Felton
67.7%
Houston Rockets
Jordan Hill
66.3%
Orlando Magic
Jason Richardson
66.3%
Phoenix Suns
Grant Hill
66.3%
New Orleans Hornets
Emeka Okafor
65.7%
Philadelphia 76ers
Elton Brand
65.7%
Orlando Magic
Hedo Turkoglu
65.3%
Toronto Raptors
Jose Calderon
64.9%
Dallas Mavericks
Brendan Haywood
64.3%
Washington Wizards
JaVale McGee
64.1%
Team
Player
% Correct
New York Knicks
Landry Fields
61.9%
Indiana Pacers
Paul George
61.5%
Detroit Pistons
Greg Monroe
60.9%
Charlotte Bobcats
Boris Diaw
60.7%
Oklahoma City Thunder
Thabo Sefolosha
60.5%
Orlando Magic
Ryan Anderson
59.9%
New Jersey Nets
Kris Humphries
58.7%
Toronto Raptors
DeMar DeRozan
58.7%
Golden State Warriors
Andris Biedrins
58.3%
Toronto Raptors
Andrea Bargnani
57.9%
Minnesota Timberwolves
Luke Ridnour
57.7%
Minnesota Timberwolves
Michael Beasley
57.5%
Philadelphia 76ers
Spencer Hawes
57.1%
Phoenix Suns
Marcin Gortat
56.9%
Denver Nuggets
Arron Afflalo
55.3%
Golden State Warriors
Dorell Wright
55.3%
Charlotte Bobcats
Gerald Henderson
55.1%
New Orleans Hornets
Trevor Ariza
54.1%
Portland Trailblazers
Marcus Camby
53.9%
New York Knicks
Toney Douglas
53.7%
Washington Wizards
Rashard Lewis
53.1%
San Antonio Spurs
DeJaun Blair
51.5%
Portland Trailblazers
Wesley Matthews
50.7%
Washington Wizards
Andray Blatche
48.7%
Phoenix Suns
Channing Frye
48.5%
Charlotte Bobcats
Corey Maggette
48.3%
Los Angeles Lakers
Josh McRoberts
47.3%
Minnesota Timberwolves
Darko Milicic
46.9%
Sacramento Kings
Marcus Thornton
43.5%
Washington Wizards
Jordan Crawford
43.5%
Utah Jazz
Raja Bell
42.3%
Utah Jazz
Gordon Hayward
40.3%
Utah Jazz
Derrick Favors
39.5%
New Orleans Hornets
Carl Landry
38.9%
Philadelphia 76ers
Jodie Meeks
38.9%
Phoenix Suns
Jared Dudley
38.9%
Sacramento Kings
John Salmons
38.7%
Houston Rockets
Chase Budinger
38.3%
New Jersey Nets
Anthony Morrow
37.9%
Milwaukee Bucks
Ersan Ilyasova
37.3%
Detroit Pistons
Jonas Jerebko
36.3%
Los Angeles Lakers
Devin Ebanks
35.3%
Cleveland Cavaliers
Omri Casspi
32.3%
Sacramento Kings
Chuck Hayes
32.1%
Boston Celtics
Sasha Pavlovic
30.5%
Milwaukee Bucks
Mike Dunleavy
26.7%
New Orleans Hornets
Marco Belinelli
25.5%
Charlotte Bobcats
DJ White
25.3%
Denver Nuggets
Timofey Mozgov
25.1%
New Jersey Nets
Johan Petro
21.2%
Quiz Playlist
Details
Report
Send in Message
Add To Playlist
Classic:
Type in answers that appear in a list
Last Updated: Feb 16, 2017
Quiz Scoreboard
CHALLENGE
Sign Up to Join the Scoreboard
Show All
Scores
Hide
Comments
May contain spoilers
Recently Published
NBA Finals Game Top Scorers (2010s)
by flibbidy
Sports
5m
Guess the 'R' Things in 3 Words
by MSUKent
Miscellaneous
3m
Actor to Badly Drawn Movie III
by MoMosMoProblems
Movies
5m
More to Explore
Quiz From the Vault
Featured Blog Post
Where Does Lost Luggage Go?
hide this ad
You Might Also Like...
Tags
Basketball Quiz
NBA Quiz
2011
2012
Position Players
Roster
Today's Top Quizzes in Sports
Browse Sports
hide this ad
Today's Top Quizzes in Basketball
Browse Basketball
Top Contributed Quizzes in Sports
1
Les joueurs à 100 buts en Ligue 1 Uber Eats
2
2022 World Cup Stars
3
2024 March Madness Bracket
4
Millionaire: NBA Finals Edition
5
Players with Multiple 50 Home Run Seasons
6
Nickname Match: Athletes VI
7
Criteria MLB: Left Handed Sluggers
8
Iconic Moments in Football - Multiple Choice
9
NFL MVPs ordered
10
First NBA MVP by Team
Explore More
Trending Topics
Harry Potter
Marvel
Disney
Kpop
NBA
Crossword
Anime
Song
WWE
The Office
Soccer
Puzzle
NFL
Country
Pokémon
hide this ad
More By:
sracine11
Quiz
Plays
Rating
Category
Featured
Created
2013-2014 NBA Opening Day Lineups
1,734
4.00
Sports
Oct 31, 2013
2011 NBA First Game Starters
499
2.75
Sports
Dec 27, 2011
NBA Starting Lineup from 2011-2012 to 2012-2013
380
3.00
Sports
Nov 4, 2012
Harry Potter Movie Gross
48
Movies
Jan 12, 2012
Go to Creator's Profile
Score Distribution
Quiz Creator Spotlight
sracine11
Follow
Send a Message
Quizzes Created
-
Created Quiz Play Count
-
More By This Creator
Popular Quizzes Today
1
Find the US States - No Outlines Minefield
2
Find the US States
3
The Countries of the World
4
10 Largest US States in Order
5
Find the Countries of Europe - No Outlines Minefield
6
US States
7
Guess the 'R' Things in 3 Words
8
NBA Finals Game Top Scorers (2010s)
More Sports Quizzes
MLB Franchise Strikeouts Leader Match-up
Curator's Pick
Trending Quizzes
First Name TV: Leading Men
Match the Book to the Film II
3-Word Movies in 1 Word II
First Name TV: Leading Women Drama
Match the Book to the Film VI
Recently Updated
Women's Final Four Teams by Year
bhenderson79
Presidents Quartet II
eogle
Anything But Clue(do)
eogle
Anything But Oceanian Capitals
eogle
Anything But 7
eogle
Anything But Thing
eogle
Word Ladder: February 29
pecheneg
Song Title Questions
pecheneg
Women's NCAA Tournament #1 Seeds
pecheneg
Celebrity Mug Shots
pecheneg
Trending Topics
NBA
Disney
Marvel
Crossword
Anime
Harry Potter
Kpop
NFL
Puzzle
Country
WWE
Pokémon
Soccer
Song
The Office
Your Account Isn't Verified!
In order to create a playlist on Sporcle, you need to verify the email address you used during registration. Go to your
Sporcle Settings
to finish the process.
Report this User
Report this user for behavior that violates our
Community Guidelines
.
Details:
Send Report
Go to the Sporcle.com Mobile Site →
Comments